[Event "SLO-chT2 West"]
[Site "Komenda"]
[Date "2022.11.20"]
[Round "4.3"]
[White "Zeleznik, Alojz"]
[Black "Kocevar, Tugomir"]
[Result "1-0"]
[WhiteElo "2168"]
[BlackElo "1816"]
[PlyCount "45"]
[EventDate "2022.11.19"]
[EventType "team-tourn"]
[EventRounds "7"]
[EventCountry "SLO"]
[SourceTitle "EXT 2024"]
[Source "ChessBase"]
[SourceDate "2023.10.10"]
[SourceVersion "1"]
[SourceVersionDate "2023.10.10"]
[SourceQuality "1"]
[WhiteTeam "Jesenice Acroni"]
[BlackTeam "Radovljica"]
[WhiteTeamCountry "SLO"]
[BlackTeamCountry "SLO"]

1. e4 d5 2. exd5 Nf6 3. d4 Qxd5 4. c4 Qe4+ 5. Ne2 b6 6. Nbc3 Qb7 7. Nf4 Bf5 8. Be2 Nbd7 9. Bf3 Be4 10. Nxe4 Nxe4 11. Qe2 f5 12. g4 0-0-0 13. gxf5 Ndf6 14. Nd5 Rxd5 15. cxd5 Qxd5 16. Bf4 Qxf5 17. Be5 e6 18. 0-0 Bd6 19. Rae1 Ng5 20. Bg2 Kd7 21. f4 Nh3+ 22. Kh1 Bxe5 23. fxe5 1-0

[Event "SLO-chT2 West"]
[Site "Komenda"]
[Date "2016.11.27"]
[Round "8.2"]
[White "Doric, Nenad"]
[Black "Zeleznik, Alojz"]
[Result "1-0"]
[WhiteElo "2255"]
[BlackElo "2170"]
[PlyCount "109"]
[EventDate "2016.11.11"]
[EventType "team-tourn"]
[EventRounds "9"]
[EventCountry "SLO"]
[SourceTitle "EXT 2019"]
[Source "ChessBase"]
[SourceDate "2018.10.10"]
[SourceVersion "1"]
[SourceVersionDate "2018.10.10"]
[SourceQuality "1"]
[WhiteTeam "Ilirska Bistrica Rimex"]
[BlackTeam "Jesenice"]
[WhiteTeamCountry "SLO"]
[BlackTeamCountry "SLO"]

1. d4 d5 2. c4 dxc4 3. Nf3 Nf6 4. e3 Be6 5. Na3 Bd5 6. Nxc4 e6 7. Be2 Be7 8. 0-0 0-0 9. b3 c5 10. dxc5 Bxc5 11. Bb2 Nc6 12. a3 Rc8 13. Rc1 Be7 14. b4 a6 15. Rc2 Be4 16. Rd2 Qc7 17. Bxf6 Bxf6 18. Rd7 Qb8 19. Nd6 Bxf3 20. Bxf3 Rc7 21. Bxc6 bxc6 22. Rxc7 Qxc7 23. Ne4 Be7 24. Qa4 a5 25. Qxa5 Qxa5 26. bxa5 Ra8 27. a4 Rxa5 28. Ra1 f5 29. Nd2 Bb4 30. Nb3 Ra6 31. Kf1 Kf7 32. Ke2 Ke7 33. Kd3 Kd7 34. Kc4 Bd6 35. a5 Kc7 36. Nc5 Bxc5 37. Kxc5 e5 38. f3 g6 39. g4 Kd7 40. gxf5 gxf5 41. h4 Ke6 42. e4 fxe4 43. fxe4 Ke7 44. h5 Ke6 45. Kb4 Kf6 46. Rf1+ Ke6 47. Rf8 Ra7 48. h6 Ke7 49. Rg8 Kf6 50. Rg7 Ra8 51. Rxh7 Kg6 52. Rc7 Kxh6 53. Rxc6+ Kg5 54. Kb5 Kf4 55. Rc4 1-0

[Event "SLO-chT2 West"]
[Site "Ljubljana"]
[Date "2012.10.20"]
[Round "2.1"]
[White "Zeleznik, Alojz"]
[Black "Markoja, Sebastijan"]
[Result "0-1"]
[WhiteElo "2202"]
[BlackElo "2048"]
[PlyCount "38"]
[EventDate "2012.10.19"]
[EventType "team-tourn"]
[EventRounds "9"]
[EventCountry "SLO"]
[SourceTitle "EXT 2022"]
[Source "ChessBase"]
[SourceDate "2021.10.06"]
[SourceVersion "1"]
[SourceVersionDate "2021.10.06"]
[SourceQuality "1"]
[WhiteTeam "Jesenice"]
[BlackTeam "Komenda SK II"]
[WhiteTeamCountry "SLO"]
[BlackTeamCountry "SLO"]

1. e4 e5 2. Nf3 Nc6 3. Bb5 a6 4. Bxc6 dxc6 5. 0-0 Bd6 6. d4 exd4 7. Qxd4 f6 8. Nbd2 Be6 9. Nb3 b6 10. e5 Be7 11. Bf4 Bd5 12. Qe3 f5 13. Rfd1 Qc8 14. Rac1 b5 15. Qc3 a5 16. Nbd4 Bb4 17. Qd3 Ne7 18. a3 Bc4 19. Qe3 Nd5 0-1

[Event "SLO-chT1 West"]
[Site "Ljubljana"]
[Date "2010.10.16"]
[Round "8.2"]
[White "Zeleznik, Alojz"]
[Black "Bratovic, Blaz"]
[Result "1/2-1/2"]
[WhiteElo "2192"]
[BlackElo "2328"]
[PlyCount "39"]
[EventDate "2010.09.24"]
[EventType "team-tourn"]
[EventRounds "9"]
[EventCountry "SLO"]
[SourceTitle "CBM 138 Extra"]
[Source "ChessBase"]
[SourceDate "2010.10.29"]
[SourceVersion "1"]
[SourceVersionDate "2010.10.29"]
[SourceQuality "1"]
[WhiteTeam "Jesenice"]
[BlackTeam "Gorenjka Lesce"]
[WhiteTeamCountry "SLO"]
[BlackTeamCountry "SLO"]

1. e4 e6 2. d4 d5 3. e5 c5 4. c3 Bd7 5. Nf3 Nc6 6. a3 c4 7. b3 cxb3 8. Qxb3 Na5 9. Qc2 Rc8 10. Bd3 h6 11. 0-0 Ne7 12. a4 Nf5 13. Nbd2 Be7 14. g4 Nh4 15. Nxh4 Bxh4 16. f4 Be7 17. Nf3 Qc7 18. Bd2 Nc4 19. Bc1 Na5 20. Bd2 1/2-1/2

[Event "SLO-chT1a West"]
[Site "Ljubljana"]
[Date "2009.10.18"]
[Round "9.1"]
[White "Hribar, Bojan"]
[Black "Zeleznik, Alojz"]
[Result "1-0"]
[WhiteElo "2192"]
[BlackElo "2232"]
[PlyCount "61"]
[EventDate "2009.10.09"]
[EventType "team-tourn"]
[EventRounds "9"]
[EventCountry "SLO"]
[SourceTitle "EXT 2012"]
[Source "ChessBase"]
[SourceDate "2011.11.24"]
[SourceVersion "1"]
[SourceVersionDate "2011.11.24"]
[SourceQuality "1"]
[WhiteTeam "Komenda"]
[BlackTeam "Jesenice"]
[WhiteTeamCountry "SLO"]
[BlackTeamCountry "SLO"]

1. e4 c5 2. Nf3 Nc6 3. d4 cxd4 4. Nxd4 Nf6 5. Nc3 e6 6. Ndb5 d6 7. Bf4 e5 8. Bg5 a6 9. Na3 b5 10. Bxf6 gxf6 11. Nd5 Bg7 12. Bd3 Be6 13. 0-0 f5 14. Qh5 f4 15. c4 b4 16. Nc2 a5 17. b3 h6 18. a3 bxa3 19. Rxa3 Bxd5 20. cxd5 Nb4 21. Bb5+ Ke7 22. Nxb4 axb4 23. Rxa8 Qxa8 24. Qg4 Qb8 25. Bc6 Kf6 26. Ra1 Qc7 27. h4 Rb8 28. h5 Bf8 29. g3 Be7 30. gxf4 exf4 31. Kh2 1-0

[Event "SLO-chT1 West"]
[Site "Ljubljana"]
[Date "2008.11.21"]
[Round "6.1"]
[White "Zeleznik, Alojz"]
[Black "Loncar, Robert"]
[Result "0-1"]
[WhiteElo "2244"]
[BlackElo "2441"]
[PlyCount "88"]
[EventDate "2008.11.13"]
[EventType "team-tourn"]
[EventRounds "9"]
[EventCountry "SLO"]
[SourceTitle "EXT 2010"]
[Source "ChessBase"]
[SourceDate "2010.11.25"]
[SourceVersion "1"]
[SourceVersionDate "2010.11.25"]
[SourceQuality "1"]
[WhiteTeam "Jesenice"]
[BlackTeam "Kocevje"]
[WhiteTeamCountry "SLO"]
[BlackTeamCountry "SLO"]

1. e4 c5 2. Nf3 e6 3. c3 d5 4. e5 d4 5. Bb5+ Bd7 6. Bxd7+ Qxd7 7. cxd4 cxd4 8. d3 Nc6 9. 0-0 Nge7 10. Bf4 Ng6 11. Bg3 Qd5 12. Qe2 Be7 13. Nbd2 0-0 14. Rfe1 Rfc8 15. Nb3 a5 16. Qe4 Rd8 17. Qxd5 Rxd5 18. Re4 Rad8 19. a4 b5 20. h3 bxa4 21. Rxa4 Bb4 22. Ra1 Bf8 23. Ra4 Bb4 24. Ra1 h6 25. Rc1 Nce7 26. Nbxd4 Nf5 27. Rc4 Nxg3 28. fxg3 Bc5 29. Kf1 Bxd4 30. Rcxd4 Rxd4 31. Rxd4 Rxd4 32. Nxd4 Nxe5 33. Ke2 Kf8 34. Nb3 Nc6 35. Kd2 Ke7 36. Kc3 Kd6 37. Kc4 f5 38. d4 g5 39. Nc5 Nd8 40. Nb3 Nb7 41. Kb5 Kd5 42. Nxa5 Nxa5 43. Kxa5 Kxd4 44. b4 e5 0-1

[Event "SLO-chT1 West"]
[Site "Ljubljana"]
[Date "2008.11.13"]
[Round "1.1"]
[White "Zeleznik, Alojz"]
[Black "Gostisa, Leon F"]
[Result "1-0"]
[WhiteElo "2244"]
[BlackElo "2422"]
[PlyCount "107"]
[EventDate "2008.11.13"]
[EventType "team-tourn"]
[EventRounds "9"]
[EventCountry "SLO"]
[SourceTitle "EXT 2010"]
[Source "ChessBase"]
[SourceDate "2010.11.25"]
[SourceVersion "1"]
[SourceVersionDate "2010.11.25"]
[SourceQuality "1"]
[WhiteTeam "Jesenice"]
[BlackTeam "Vrhnika"]
[WhiteTeamCountry "SLO"]
[BlackTeamCountry "SLO"]

1. e4 c5 2. Nf3 Nc6 3. d4 cxd4 4. Nxd4 e5 5. Nb5 d6 6. c4 Be7 7. N1c3 a6 8. Na3 Be6 9. Nd5 Nf6 10. Be3 0-0 11. Bd3 Nd7 12. Qd2 h6 13. 0-0 Bg5 14. Nc2 Nc5 15. b4 Na4 16. Rab1 Rb8 17. Rb3 b5 18. Ra3 Nb2 19. Rxa6 bxc4 20. Rxc6 cxd3 21. Bxg5 Qxg5 22. Nce3 Bxd5 23. exd5 Na4 24. Qxd3 Rxb4 25. Rxd6 Rd4 26. Qc2 f5 27. Nc4 Qf4 28. Rc6 Ra8 29. Ne3 Rf8 30. Rc8 Rxc8 31. Qxc8+ Kh7 32. Nxf5 Rc4 33. Qd7 Qg5 34. Ne3 Rd4 35. Qc6 Qg6 36. Qxg6+ Kxg6 37. Rd1 Nc3 38. Ra1 Ra4 39. a3 Nb5 40. Kf1 Rxa3 41. Rxa3 Nxa3 42. Ke2 Kf6 43. Kd3 Nb5 44. Nc4 g6 45. f3 h5 46. h4 Kf5 47. g3 Kf6 48. Nd2 Ke7 49. Ne4 Kd7 50. g4 Nd4 51. Ng5 Ke7 52. Ke4 hxg4 53. fxg4 Nc2 54. Nf3 1-0

[Event "SLO-chT2"]
[Site "Ljubljana"]
[Date "2007.11.17"]
[Round "3.1"]
[White "Zeleznik, Alojz"]
[Black "Furlan, Miha"]
[Result "1/2-1/2"]
[WhiteElo "2246"]
[BlackElo "2332"]
[PlyCount "94"]
[EventDate "2007.11.15"]
[EventType "team"]
[EventRounds "9"]
[EventCountry "SLO"]
[SourceTitle "CBM 121 Extra"]
[Source "ChessBase"]
[SourceDate "2008.01.10"]
[SourceVersion "1"]
[SourceVersionDate "2008.01.10"]
[SourceQuality "1"]
[WhiteTeam "Jesenice"]
[BlackTeam "Trebnje BMP"]
[WhiteTeamCountry "SLO"]
[BlackTeamCountry "SLO"]

1. e4 e6 2. d4 d5 3. e5 c5 4. c3 Nc6 5. Nf3 Qb6 6. a3 Nh6 7. b4 cxd4 8. cxd4 Nf5 9. Bb2 Bd7 10. g4 Nh6 11. Rg1 f6 12. exf6 gxf6 13. Nc3 Nf7 14. Rc1 Qd8 15. Bd3 Ng5 16. Nxg5 fxg5 17. Ne2 Bg7 18. Qc2 Qb6 19. Bxh7 0-0-0 20. Qg6 Bf8 21. Qd3 Kb8 22. Rg2 Bd6 23. Bg6 Rxh2 24. Rxh2 Bxh2 25. Qe3 e5 26. Bh5 exd4 27. Nxd4 Ne5 28. Rc5 Bf4 29. Qe2 Qd6 30. Bc1 Nc4 31. Bxf4 Qxf4 32. Qe7 Rf8 33. Nf5 Qe5+ 34. Qxe5+ Nxe5 35. Rxd5 Nf3+ 36. Ke2 Bc6 37. Rc5 Ng1+ 38. Ke3 Nh3 39. Nd4 Rxf2 40. Nxc6+ bxc6 41. Rxc6 Ra2 42. Rc3 Nf4 43. Ke4 Nxh5 44. gxh5 Rh2 45. Kf5 Rxh5 46. Kg4 Rh1 47. Kxg5 Rf1 1/2-1/2

[Event "SLO-chT1 West"]
[Site "Otocec"]
[Date "2006.11.25"]
[Round "7"]
[White "Zeleznik, Alojz"]
[Black "Furlan, Miha"]
[Result "1/2-1/2"]
[WhiteElo "2268"]
[BlackElo "2347"]
[PlyCount "39"]
[EventDate "2006.11.16"]
[EventType "team"]
[EventRounds "9"]
[EventCountry "SLO"]
[SourceTitle "EXT 2008"]
[Source "ChessBase"]
[SourceDate "2007.11.25"]
[SourceVersion "1"]
[SourceVersionDate "2007.11.25"]
[SourceQuality "1"]

1. e4 e6 2. d4 d5 3. e5 c5 4. c3 Nc6 5. Nf3 Bd7 6. a3 f6 7. Bd3 Qc7 8. exf6 Nxf6 9. 0-0 c4 10. Bc2 Bd6 11. Bg5 0-0-0 12. Nbd2 Rdf8 13. Qe2 h6 14. Bh4 Nh5 15. Bg3 Nxg3 16. hxg3 Rf6 17. Rae1 Qb6 18. Rb1 Qc7 19. Rbe1 Qb6 20. Rb1 1/2-1/2

[Event "SLO-chT West"]
[Site "Bled"]
[Date "2004.11.14"]
[Round "9"]
[White "Zeleznik, Alojz"]
[Black "Semrl, Marjan"]
[Result "1/2-1/2"]
[WhiteElo "2280"]
[BlackElo "2195"]
[PlyCount "22"]
[EventDate "2004.11.05"]
[EventType "team"]
[EventRounds "9"]
[EventCountry "SLO"]
[SourceTitle "EXT 2009"]
[Source "ChessBase"]
[SourceDate "2008.11.26"]
[SourceVersion "1"]
[SourceVersionDate "2008.11.26"]
[SourceQuality "1"]

1. e4 d5 2. exd5 Qxd5 3. Nc3 Qa5 4. Nf3 Nf6 5. Bc4 c6 6. d4 Bf5 7. Ne5 e6 8. 0-0 Nbd7 9. Qe2 Nxe5 10. dxe5 Nd7 11. f4 0-0-0 1/2-1/2

[Event "SLO-chT West"]
[Site "Bled"]
[Date "2004.11.05"]
[Round "1"]
[White "Zeleznik, Alojz"]
[Black "Mencinger, Vojko"]
[Result "0-1"]
[WhiteElo "2280"]
[BlackElo "2343"]
[PlyCount "40"]
[EventDate "2004.11.05"]
[EventType "team"]
[EventRounds "9"]
[EventCountry "SLO"]
[SourceTitle "EXT 2009"]
[Source "ChessBase"]
[SourceDate "2008.11.26"]
[SourceVersion "1"]
[SourceVersionDate "2008.11.26"]
[SourceQuality "1"]

1. e4 c5 2. Nf3 d6 3. d4 cxd4 4. Nxd4 Nf6 5. Nc3 a6 6. Bg5 e6 7. f4 Qb6 8. Nb3 Nbd7 9. Qe2 Qc7 10. 0-0-0 b5 11. a3 Bb7 12. g3 Rc8 13. Bg2 Be7 14. Rhe1 Nb6 15. Nd4 0-0 16. e5 dxe5 17. fxe5 Nfd5 18. Ne4 Nc4 19. Bxe7 Qxe7 20. Nf6+ gxf6 0-1

[Event "SLO-chT sf"]
[Site "Slovenia"]
[Date "1996.??.??"]
[Round "6"]
[White "Zeleznik, Alojz"]
[Black "Furlan, Miha"]
[Result "1/2-1/2"]
[WhiteElo "2295"]
[BlackElo "2280"]
[PlyCount "94"]
[EventDate "1996.??.??"]
[EventType "team"]
[EventRounds "7"]
[EventCountry "SLO"]
[SourceTitle "EXT 1997"]
[Source "ChessBase"]
[SourceDate "1996.11.15"]
[SourceVersion "1"]
[SourceVersionDate "1996.11.15"]
[SourceQuality "1"]

1. e4 e6 2. d4 d5 3. Nc3 Nf6 4. Bd3 c5 5. dxc5 dxe4 6. Nxe4 Nxe4 7. Bxe4 Qxd1+ 8. Kxd1 Bxc5 9. Be3 Bxe3 10. fxe3 f5 11. Bd3 Nc6 12. Nf3 Bd7 13. Ke2 Ke7 14. Rhg1 Rac8 15. c3 a6 16. Rad1 h6 17. g4 g5 18. h4 Rcg8 19. Bc4 Na5 20. Bd3 fxg4 21. Rxg4 Be8 22. Rdg1 Bh5 23. R4g3 Rf8 24. hxg5 hxg5 25. Be4 Bxf3+ 26. Bxf3 Rh2+ 27. R1g2 Rxg2+ 28. Rxg2 Rg8 29. b4 Nc6 30. a4 Kd6 31. Rg4 Ne5 32. Rd4+ Kc7 33. Bg2 Rg7 34. Re4 Kd6 35. c4 Nc6 36. c5+ Kd7 37. b5 axb5 38. axb5 Nd8 39. Rg4 Rf7 40. Bh3 Rh7 41. Rd4+ Kc8 42. Bg4 Rh2+ 43. Kd3 Rb2 44. Kc4 Rc2+ 45. Kb4 Rb2+ 46. Kc4 Rc2+ 47. Kb4 Rb2+ 1/2-1/2

[Event "SLO-chT qual"]
[Site "Kranj"]
[Date "1995.??.??"]
[Round "?"]
[White "Bulic, Josip"]
[Black "Zeleznik, Alojz"]
[Result "1/2-1/2"]
[WhiteElo "2145"]
[BlackElo "2310"]
[PlyCount "68"]
[EventDate "1995.??.??"]
[EventType "team"]
[EventRounds "4"]
[EventCountry "SLO"]
[SourceTitle "EXT 1998"]
[Source "ChessBase"]
[SourceDate "1997.11.17"]
[SourceVersion "1"]
[SourceVersionDate "1997.11.17"]
[SourceQuality "1"]

1. d4 Nf6 2. Nf3 g6 3. Bg5 Bg7 4. e3 0-0 5. h3 d5 6. Bd3 c5 7. c3 Nbd7 8. 0-0 b6 9. Nbd2 Bb7 10. Bh4 Ne4 11. Ng5 Nd6 12. f4 h6 13. Ngf3 f5 14. g4 Qe8 15. gxf5 Nxf5 16. Qe2 Nf6 17. Bxf6 Bxf6 18. Kh2 Kh7 19. Rg1 Qd7 20. Ne5 Bxe5 21. fxe5 Rg8 22. Rg4 Raf8 23. Rag1 Qe6 24. R1g2 Qf7 25. Nf1 Bc8 26. Rf4 Kh8 27. Ng3 Nxg3 28. Rxg3 Bf5 29. Qd2 e6 30. Rf2 Qh7 31. Rgg2 Rf7 32. Qe2 Rgf8 33. Bxf5 Rxf5 34. Rxf5 exf5 1/2-1/2

[Event "SLO-chT qual"]
[Site "Kranj"]
[Date "1995.??.??"]
[Round "?"]
[White "Kavcic, Uros"]
[Black "Zeleznik, Alojz"]
[Result "0-1"]
[WhiteElo "1970"]
[BlackElo "2305"]
[PlyCount "72"]
[EventDate "1995.??.??"]
[EventType "team"]
[EventRounds "4"]
[EventCountry "SLO"]
[SourceTitle "EXT 1998"]
[Source "ChessBase"]
[SourceDate "1997.11.17"]
[SourceVersion "1"]
[SourceVersionDate "1997.11.17"]
[SourceQuality "1"]

1. e4 c5 2. Nf3 Nc6 3. d4 cxd4 4. Nxd4 Nf6 5. Nc3 e6 6. a3 d6 7. Be2 Be7 8. 0-0 0-0 9. Be3 Qc7 10. f4 Bd7 11. f5 Nxd4 12. Bxd4 e5 13. Be3 Bc6 14. Bf3 b5 15. g4 Qb7 16. g5 Nxe4 17. Bxe4 Bxe4 18. f6 Bd8 19. fxg7 Kxg7 20. Qxd6 Re8 21. Rf2 Bg6 22. h4 Re6 23. Qb4 Bb6 24. Qxb5 a6 25. Qb4 Rb8 26. Bxb6 Qxb6 27. Qxb6 Rexb6 28. Nd1 Rc8 29. c3 Rc4 30. Rh2 Rg4+ 31. Kf2 Rd6 32. Ke3 Re4+ 33. Kf2 Rd2+ 34. Kg3 Rd3+ 35. Kg2 Re1 36. h5 Be4+ 0-1